Maroon 5 - Makes Me Wonder Lyrics - Statistics

General Stats
  • This quiz has been taken 30 times
  • The average score is 280 of 374
Answer Stats
Hint Answer % Correct
Chorus I
100%
me
100%
a
95%
Make
95%
wonder
95%
about
89%
don't
89%
If
89%
if
89%
it
89%
It
89%
really
89%
The
89%
the
89%
you
89%
You
89%
And
84%
and
84%
have
84%
makes
84%
so
84%
So
84%
still
84%
to
84%
anymore
79%
be
79%
ever
79%
fuck
79%
good
79%
in
79%
no
79%
time
79%
believe
74%
difference
74%
even
74%
gave
74%
is
74%
reason
74%
your
74%
Cause
68%
cry
68%
it's
68%
Oh
68%
Try
68%
try
68%
Give
63%
goodbye
63%
something
63%
up
63%
Verse 1 Wake
63%
wake
63%
you're
63%
after
58%
But
58%
feeling
58%
One
58%
that
58%
this
58%
way
58%
won't
58%
Yeah
58%
yeah
58%
between
53%
day
53%
eyes
53%
feels
53%
felt
53%
Verse 2 God
53%
hurt
53%
I'll
53%
lie
53%
memorize
53%
my
53%
Now
53%
Struggled
53%
true
53%
alibi
47%
bad
47%
before
47%
Blood
47%
caught
47%
damn
47%
get
47%
how
47%
made
47%
Not
47%
Pleasure
47%
say
47%
shot
47%
thighs
47%
want
47%
what
47%
aftermath
42%
back
42%
bed
42%
Decisions
42%
head
42%
I've
42%
lay
42%
left
42%
must
42%
things
42%
unsaid
42%
been
37%
behind
37%
Forget
37%
going
37%
meaning
37%
move
37%
spinning
37%
through
37%
told
37%
words
37%
worth
37%
dive
32%
here
32%
into
32%
truth
32%
with
32%
deal
21%
No matching quizzes found
Score Distribution
Percent of People with Each Score
Percentile by Number Answered
Your Score History
You have not taken this quiz